[Event "ureki2015"]
[Site "?"]
[Date "2015.10.08"]
[Round "4.13"]
[White "Morchiashvili, Bachana"]
[Black "Mchedlishvili, Mikheil"]
[Result "1/2-1/2"]
[LiveChessVersion "1.3.1"]
[BlackElo "2607"]
[WhiteElo "2331"]

1. e4 {[%clk 1:30:56]} c5 {[%clk 1:30:38]} 2. Nf3 {[%clk 1:31:19]} d6
{[%clk 1:30:17]} 3. d4 {[%clk 1:31:41]} cxd4 {[%clk 1:30:26]} 4. Nxd4
{[%clk 1:32:08]} Nf6 {[%clk 1:30:23]} 5. Nc3 {[%clk 1:32:26]} a6 {[%clk 1:30:10]}
6. Bg5 {[%clk 1:32:34]} Nbd7 {[%clk 1:29:39]} 7. Bc4 {[%clk 1:30:23]} Qb6
{[%clk 1:27:43]} 8. Bb3 {[%clk 1:25:02]} e6 {[%clk 1:26:43]} 9. O-O
{[%clk 1:24:36]} Be7 {[%clk 1:24:50]} 10. Kh1 {[%clk 1:22:31]} Nc5
{[%clk 1:20:11]} 11. f4 Qc7 {[%clk 1:07:42]} 12. Qe2 {[%clk 1:06:37]} h6
{[%clk 1:04:11]} 13. Bh4 {[%clk 1:05:07]} Nfxe4 {[%clk 1:02:31]} 14. Nxe4
{[%clk 1:02:58]} Bxh4 {[%clk 1:02:20]} 15. f5 {[%clk 0:55:45]} O-O 16. Nxc5
{[%clk 0:41:47]} dxc5 {[%clk 0:18:43]} 17. fxe6 {[%clk 0:41:35]} Bxe6
{[%clk 0:17:24]} 18. Nxe6 {[%clk 0:41:50]} fxe6 {[%clk 0:17:52]} 19. c3
{[%clk 0:39:50]} Qe7 {[%clk 0:17:40]} 20. Qe4 {[%clk 0:37:01]} Rxf1+
{[%clk 0:15:44]} 21. Rxf1 {[%clk 0:37:24]} Rf8 {[%clk 0:15:59]} 22. Bxe6+
{[%clk 0:30:26]} Kh8 {[%clk 0:16:21]} 23. Rxf8+ {[%clk 0:28:30]} Qxf8
{[%clk 0:16:45]} 24. Bc4 {[%clk 0:27:18]} Qe7 {[%clk 0:16:45]} 25. Qxe7
{[%clk 0:27:23]} Bxe7 {[%clk 0:17:09]} 26. g3 {[%clk 0:27:31]} a5
{[%clk 0:17:33]} 27. a4 {[%clk 0:27:55]} b6 {[%clk 0:17:58]} 28. Bd5
{[%clk 0:28:20]} Bg5 {[%clk 0:18:22]} 29. b3 {[%clk 0:28:44]} Bd2
{[%clk 0:18:48]} 30. c4 {[%clk 0:29:10]} Be3 {[%clk 0:19:14]} 1/2-1/2

[Event "ureki2015"]
[Site "?"]
[Date "2015.10.08"]
[Round "4.14"]
[White "Gagunashvili, Merab"]
[Black "Chkhaidze, Nikoloz"]
[Result "1/2-1/2"]
[LiveChessVersion "1.3.1"]
[BlackElo "2323"]
[WhiteElo "2553"]

1. d4 {[%clk 1:30:51]} Nf6 {[%clk 1:30:56]} 2. c4 {[%clk 1:31:17]} g6
{[%clk 1:31:22]} 3. Nc3 {[%clk 1:31:42]} d5 {[%clk 1:31:49]} 4. cxd5
{[%clk 1:32:07]} Nxd5 {[%clk 1:32:16]} 5. e4 {[%clk 1:32:31]} Nxc3
{[%clk 1:32:43]} 6. bxc3 {[%clk 1:32:57]} Bg7 {[%clk 1:33:10]} 7. Qa4+
{[%clk 1:33:19]} Nd7 {[%clk 1:29:01]} 8. Nf3 {[%clk 1:33:40]} O-O
{[%clk 1:28:48]} 9. Be2 {[%clk 1:33:38]} c5 {[%clk 1:27:21]} 10. Rb1
{[%clk 1:33:52]} Nb6 {[%clk 1:05:33]} 11. Qa3 {[%clk 1:28:02]} cxd4
{[%clk 1:04:22]} 12. cxd4 Bg4 {[%clk 1:01:14]} 13. d5 {[%clk 1:26:27]} e6
{[%clk 0:54:08]} 14. dxe6 {[%clk 1:22:01]} Bxe6 {[%clk 0:54:17]} 15. O-O
{[%clk 1:19:07]} Nc4 {[%clk 0:43:44]} 16. Qa4 {[%clk 1:17:05]} Qa5
{[%clk 0:42:07]} 17. Qxa5 {[%clk 1:09:45]} Nxa5 {[%clk 0:42:30]} 18. Bd2
{[%clk 1:09:00]} b6 {[%clk 0:38:31]} 19. Bxa5 {[%clk 1:08:23]} bxa5
{[%clk 0:38:56]} 20. a4 {[%clk 1:08:36]} Rab8 {[%clk 0:35:39]} 21. Rb5
{[%clk 1:02:01]} Rxb5 {[%clk 0:32:59]} 22. Bxb5 {[%clk 1:02:24]} Rc8
{[%clk 0:29:58]} 23. h3 {[%clk 1:01:59]} Rc3 {[%clk 0:23:47]} 24. Rd1
{[%clk 1:00:23]} Bf8 {[%clk 0:07:52]} 25. Nd4 {[%clk 0:42:27]} Bc5
{[%clk 0:08:12]} 26. Nxe6 {[%clk 0:39:33]} fxe6 {[%clk 0:08:40]} 27. Rd8+
{[%clk 0:38:43]} Kg7 {[%clk 0:09:06]} 28. Rd7+ {[%clk 0:39:09]} Kf6
{[%clk 0:08:18]} 29. Rxh7 {[%clk 0:38:22]} Rc1+ {[%clk 0:07:39]} 30. Kh2
{[%clk 0:37:21]} Bxf2 {[%clk 0:08:07]} 31. Be8 {[%clk 0:35:50]} Kg5
{[%clk 0:06:21]} 32. g4 {[%clk 0:29:21]} Bd4 {[%clk 0:05:31]} 33. Bd7
{[%clk 0:27:23]} Rc2+ {[%clk 0:05:20]} 34. Kg3 {[%clk 0:27:35]} Rc3+
{[%clk 0:05:24]} 35. Kg2 {[%clk 0:27:56]} Rc2+ {[%clk 0:05:46]} 36. Kf3
{[%clk 0:27:45]} Rc3+ {[%clk 0:05:20]} 37. Ke2 {[%clk 0:27:53]} Kf4
{[%clk 0:04:16]} 38. Bxe6 {[%clk 0:27:38]} Kxe4 {[%clk 0:04:31]} 39. Bf7
{[%clk 0:24:18]} Re3+ {[%clk 0:04:20]} 40. Kd2 {[%clk 0:54:35]} Rd3+
{[%clk 0:33:51]} 41. Kc2 {[%clk 0:54:45]} Rc3+ {[%clk 0:32:43]} 42. Kb1
{[%clk 0:54:53]} g5 {[%clk 0:31:47]} 43. h4 {[%clk 0:55:14]} gxh4
{[%clk 0:31:16]} 44. Rxh4 {[%clk 0:55:35]} Bf2 {[%clk 0:28:41]} 45. Rh2
{[%clk 0:55:41]} Be3 {[%clk 0:27:49]} 46. Rh5 {[%clk 0:55:27]} Rc5
{[%clk 0:25:58]} 47. Rxc5 {[%clk 0:55:47]} Bxc5 {[%clk 0:26:23]} 1/2-1/2

[Event "ureki2015"]
[Site "?"]
[Date "2015.10.08"]
[Round "4.15"]
[White "Chkhikvishvili, Mindia"]
[Black "Sanikidze, Tornike"]
[Result "0-1"]
[LiveChessVersion "1.3.1"]
[BlackElo "2527"]
[WhiteElo "2057"]

1. e4 {[%clk 1:30:58]} d6 {[%clk 1:30:24]} 2. d4 {[%clk 1:31:21]} g6
{[%clk 1:30:47]} 3. Nf3 {[%clk 1:31:40]} Bg7 {[%clk 1:31:09]} 4. Be2
{[%clk 1:31:19]} c6 {[%clk 1:30:29]} 5. O-O {[%clk 1:31:19]} Nd7 {[%clk 1:30:29]}
6. c3 {[%clk 1:29:18]} Qc7 {[%clk 1:28:35]} 7. Be3 {[%clk 1:25:45]} Ngf6
{[%clk 1:27:05]} 8. Qc2 {[%clk 1:24:45]} O-O {[%clk 1:27:27]} 9. h3
{[%clk 1:23:57]} b6 {[%clk 1:19:36]} 10. Nbd2 {[%clk 1:18:48]} Bb7
{[%clk 1:19:52]} 11. Rad1 {[%clk 1:11:08]} a6 {[%clk 1:19:52]} 12. Nh2
{[%clk 1:11:08]} c5 {[%clk 1:19:52]} 13. d5 {[%clk 1:11:08]} e6 {[%clk 1:09:19]}
14. c4 {[%clk 1:06:18]} Rfe8 {[%clk 1:03:48]} 15. Rfe1 {[%clk 0:59:44]} b5
{[%clk 1:02:04]} 16. b3 {[%clk 0:59:12]} b4 {[%clk 0:45:17]} 17. Bf1
{[%clk 0:46:43]} a5 {[%clk 0:42:23]} 18. f4 {[%clk 0:42:08]} exd5
{[%clk 0:37:43]} 19. exd5 a4 {[%clk 0:33:03]} 20. Bf2 {[%clk 0:32:18]} Reb8
{[%clk 0:27:39]} 21. Nhf3 {[%clk 0:24:23]} Nf8 {[%clk 0:26:10]} 22. Bh4
{[%clk 0:22:34]} Bc8 {[%clk 0:24:07]} 23. Ne4 {[%clk 0:18:15]} Nxe4
{[%clk 0:20:54]} 24. Qxe4 {[%clk 0:18:33]} axb3 {[%clk 0:21:03]} 25. axb3
{[%clk 0:18:57]} Ra3 {[%clk 0:20:01]} 26. Qe7 {[%clk 0:16:24]} Qxe7
{[%clk 0:19:11]} 27. Bxe7 {[%clk 0:16:47]} Rb6 {[%clk 0:19:37]} 28. Bh4
{[%clk 0:05:52]} Rxb3 {[%clk 0:18:55]} 29. Nd2 {[%clk 0:05:37]} Bd4+
{[%clk 0:11:07]} 30. Kh1 {[%clk 0:04:53]} Re3 {[%clk 0:11:31]} 31. Ne4
{[%clk 0:02:58]} f5 {[%clk 0:09:03]} 32. Rxe3 {[%clk 0:01:50]} Bxe3
{[%clk 0:09:28]} 33. Nf6+ {[%clk 0:02:09]} Kf7 {[%clk 0:09:52]} 34. Re1
{[%clk 0:02:15]} Bxf4 {[%clk 0:10:21]} 35. Nxh7 {[%clk 0:01:56]} Be5
{[%clk 0:06:58]} 36. Ng5+ {[%clk 0:02:12]} Kg7 {[%clk 0:07:23]} 37. Nf3
{[%clk 0:02:34]} Nd7 {[%clk 0:07:49]} 38. Bf2 {[%clk 0:02:48]} Ra6
{[%clk 0:06:32]} 39. Rb1 {[%clk 0:02:23]} Ra2 {[%clk 0:05:40]} 40. Bh4
{[%clk 0:31:55]} Kf8 {[%clk 0:32:37]} 41. Bd3 {[%clk 0:23:13]} Ba6
{[%clk 0:31:02]} 42. Ng5 {[%clk 0:19:59]} Nb6 {[%clk 0:29:33]} 43. Ne6+
{[%clk 0:20:02]} Kg8 {[%clk 0:29:45]} 44. Re1 {[%clk 0:14:57]} Bc3
{[%clk 0:26:09]} 45. Re3 {[%clk 0:13:33]} Nxc4 {[%clk 0:25:14]} 46. Bxc4
{[%clk 0:10:29]} Bxc4 {[%clk 0:25:37]} 47. Nxc5 {[%clk 0:07:35]} dxc5
{[%clk 0:24:54]} 48. Re8+ {[%clk 0:07:53]} Kg7 {[%clk 0:24:59]} 49. Re7+
{[%clk 0:08:18]} Kh6 {[%clk 0:24:50]} 50. d6 {[%clk 0:07:32]} Bd5
{[%clk 0:24:30]} 51. d7 {[%clk 0:05:38]} Bxg2+ {[%clk 0:24:47]} 52. Kh2
{[%clk 0:05:25]} Bc6+ {[%clk 0:22:12]} 53. Kg1 {[%clk 0:03:31]} Bd4+
{[%clk 0:22:18]} 54. Kf1 {[%clk 0:03:44]} Bb5+ {[%clk 0:22:41]} 55. Ke1
{[%clk 0:04:01]} Bc3+ {[%clk 0:23:05]} 0-1

[Event "ureki2015"]
[Site "?"]
[Date "2015.10.08"]
[Round "4.16"]
[White "Tsatsalashvili, Keti"]
[Black "Shamatava, Ana"]
[Result "1/2-1/2"]
[LiveChessVersion "1.3.1"]
[BlackElo "2054"]
[WhiteElo "2266"]

1. d4 {[%clk 1:30:10]} f5 {[%clk 1:30:54]} 2. g3 {[%clk 1:29:14]} Nf6
{[%clk 1:31:14]} 3. Bg2 {[%clk 1:29:36]} g6 {[%clk 1:31:39]} 4. Nf3
{[%clk 1:28:35]} Bg7 {[%clk 1:32:03]} 5. c4 {[%clk 1:28:31]} O-O {[%clk 1:32:27]}
6. O-O {[%clk 1:28:43]} d6 {[%clk 1:32:51]} 7. Qc2 {[%clk 1:25:09]} c6
{[%clk 1:32:42]} 8. b3 {[%clk 1:23:18]} Qc7 {[%clk 1:32:57]} 9. Bb2
{[%clk 1:22:58]} a5 {[%clk 1:33:12]} 10. Nbd2 {[%clk 1:21:03]} Na6
{[%clk 1:33:36]} 11. a3 {[%clk 1:20:02]} Re8 {[%clk 1:33:51]} 12. e3
{[%clk 1:07:55]} e5 {[%clk 1:31:50]} 13. c5 e4 14. cxd6 {[%clk 1:05:29]} Qxd6
{[%clk 1:26:33]} 15. Ne5 {[%clk 1:04:01]} Nd5 {[%clk 1:24:22]} 16. Rac1
{[%clk 1:02:16]} Nac7 {[%clk 1:19:16]} 17. Ndc4 {[%clk 0:53:36]} Qf8
{[%clk 1:15:42]} 18. Qd2 {[%clk 0:47:12]} a4 {[%clk 1:14:36]} 19. bxa4
{[%clk 0:42:04]} Rxa4 {[%clk 1:11:21]} 20. Qc2 {[%clk 0:41:40]} Ra6
{[%clk 1:06:40]} 21. Nd2 {[%clk 0:34:34]} Nb6 {[%clk 0:58:43]} 22. Ra1 Na4 23.
Rfb1 {[%clk 0:21:46]} Nxb2 {[%clk 0:51:42]} 24. Qxb2 {[%clk 0:22:06]} Bxe5
{[%clk 0:48:57]} 25. dxe5 {[%clk 0:22:31]} Qc5 {[%clk 0:49:09]} 26. Bf1
{[%clk 0:22:39]} b5 {[%clk 0:48:43]} 27. a4 {[%clk 0:19:43]} Qxe5
{[%clk 0:41:04]} 28. Qxe5 {[%clk 0:18:33]} Rxe5 {[%clk 0:41:30]} 29. axb5
{[%clk 0:18:47]} Rxa1 {[%clk 0:38:08]} 30. Rxa1 {[%clk 0:19:09]} Nxb5
{[%clk 0:38:36]} 31. Nc4 {[%clk 0:18:14]} Re8 {[%clk 0:37:02]} 32. Na5
{[%clk 0:13:12]} Bd7 {[%clk 0:34:47]} 33. Rd1 {[%clk 0:12:45]} Re7
{[%clk 0:34:25]} 34. Rb1 {[%clk 0:10:35]} Kf8 {[%clk 0:30:42]} 35. Rb3
{[%clk 0:08:13]} Re5 {[%clk 0:28:24]} 36. Rb1 {[%clk 0:07:14]} Rc5
{[%clk 0:17:45]} 37. h4 {[%clk 0:05:14]} Ke7 {[%clk 0:16:44]} 38. Ra1
{[%clk 0:05:03]} Rc2 {[%clk 0:14:25]} 39. Nc4 {[%clk 0:04:08]} Be6
{[%clk 0:14:26]} 40. Na5 {[%clk 0:33:18]} Kd6 {[%clk 0:40:46]} 41. Nxc6
{[%clk 0:29:48]} 1/2-1/2

[Event "ureki2015"]
[Site "?"]
[Date "2015.10.08"]
[Round "4.17"]
[White "Ebralidze, Alexandre"]
[Black "Keleptrishvili, Irakli"]
[Result "1-0"]
[LiveChessVersion "1.3.1"]
[BlackElo "2162"]
[WhiteElo "2163"]

1. d4 {[%clk 1:30:56]} d5 {[%clk 1:29:11]} 2. Nf3 {[%clk 1:31:04]} Nf6
{[%clk 1:29:28]} 3. c4 {[%clk 1:31:29]} dxc4 {[%clk 1:29:55]} 4. e3
{[%clk 1:31:47]} Bg4 {[%clk 1:30:20]} 5. Bxc4 {[%clk 1:32:12]} e6
{[%clk 1:30:48]} 6. h3 {[%clk 1:32:25]} Bh5 {[%clk 1:31:14]} 7. Nc3
{[%clk 1:32:30]} a6 {[%clk 1:31:40]} 8. O-O {[%clk 1:31:04]} Nc6 {[%clk 1:31:51]}
9. Be2 {[%clk 1:28:23]} Bd6 {[%clk 1:31:43]} 10. Qb3 {[%clk 1:22:10]} Rb8
{[%clk 1:27:14]} 11. Rd1 {[%clk 1:20:47]} Bg6 {[%clk 1:24:11]} 12. Ne5
{[%clk 1:16:48]} O-O {[%clk 0:59:57]} 13. Nxc6 {[%clk 1:06:50]} bxc6
{[%clk 1:00:25]} 14. Qa4 {[%clk 1:06:45]} Rb6 {[%clk 1:00:47]} 15. Bxa6
{[%clk 1:02:53]} Nd5 {[%clk 0:54:11]} 16. Nxd5 {[%clk 0:46:07]} cxd5
{[%clk 0:54:32]} 17. Bd3 {[%clk 0:45:57]} Bh5 {[%clk 0:54:39]} 18. Re1
{[%clk 0:45:21]} e5 {[%clk 0:54:24]} 19. dxe5 {[%clk 0:42:44]} Bxe5
{[%clk 0:54:49]} 20. Rb1 {[%clk 0:39:14]} Qf6 21. Qc2 {[%clk 0:29:42]} Bg6
{[%clk 0:47:15]} 22. Bxg6 {[%clk 0:27:48]} fxg6 {[%clk 0:46:39]} 23. f4
{[%clk 0:20:19]} Bd6 {[%clk 0:46:54]} 24. e4 {[%clk 0:13:36]} dxe4
{[%clk 0:43:29]} 25. Qxe4 {[%clk 0:09:16]} Bxf4 {[%clk 0:43:01]} 26. Qc4+
{[%clk 0:08:28]} Kh8 {[%clk 0:40:04]} 27. Qxf4 {[%clk 0:07:56]} 1-0

[Event "ureki2015"]
[Site "?"]
[Date "2015.10.08"]
[Round "4.18"]
[White "Unapkoshvili, Nani"]
[Black "Khomeriki, Ketevan"]
[Result "0-1"]
[LiveChessVersion "1.3.1"]
[BlackElo "1841"]
[WhiteElo "2042"]

1. d4 {[%clk 1:30:48]} f5 {[%clk 1:30:48]} 2. g3 {[%clk 1:31:01]} Nf6
{[%clk 1:30:20]} 3. Bg2 {[%clk 1:31:25]} g6 {[%clk 1:29:28]} 4. Nf3
{[%clk 1:30:29]} Bg7 {[%clk 1:26:10]} 5. O-O {[%clk 1:28:56]} c6 {[%clk 1:23:06]}
6. c4 {[%clk 1:29:08]} O-O {[%clk 1:21:56]} 7. Qc2 {[%clk 1:28:34]} a5
{[%clk 1:19:04]} 8. Nc3 {[%clk 1:27:08]} d6 9. c5 {[%clk 1:05:33]} Kh8
{[%clk 1:04:17]} 10. a3 {[%clk 1:02:13]} Be6 {[%clk 1:03:45]} 11. Ng5
{[%clk 0:54:33]} Bg8 {[%clk 1:01:49]} 12. e4 {[%clk 0:53:37]} fxe4
{[%clk 0:58:27]} 13. Ngxe4 {[%clk 0:53:44]} Nxe4 {[%clk 0:51:05]} 14. Qxe4
{[%clk 0:53:54]} Nd7 {[%clk 0:48:25]} 15. Bg5 {[%clk 0:52:43]} Nf6
{[%clk 0:46:47]} 16. Qh4 {[%clk 0:51:42]} d5 17. Ne2 {[%clk 0:36:06]} Bf7
{[%clk 0:25:49]} 18. Bh6 {[%clk 0:22:56]} Nh5 {[%clk 0:22:31]} 19. Bxg7+
{[%clk 0:21:17]} Nxg7 {[%clk 0:22:00]} 20. g4 {[%clk 0:20:38]} Qc7
{[%clk 0:18:01]} 21. f4 {[%clk 0:20:43]} Rae8 {[%clk 0:16:41]} 22. b4
{[%clk 0:18:49]} b6 {[%clk 0:15:03]} 23. Qh3 {[%clk 0:16:26]} Be6
{[%clk 0:13:05]} 24. Qg3 {[%clk 0:14:43]} Bc8 {[%clk 0:12:36]} 25. Rf2
{[%clk 0:13:45]} Ba6 {[%clk 0:10:22]} 26. cxb6 {[%clk 0:12:42]} Qxb6
{[%clk 0:10:37]} 27. bxa5 {[%clk 0:12:16]} Qxa5 {[%clk 0:10:39]} 28. Qe3
{[%clk 0:12:36]} Bxe2 {[%clk 0:06:44]} 29. Rxe2 {[%clk 0:12:25]} Rf6
{[%clk 0:06:02]} 30. Qc1 {[%clk 0:10:24]} Qa4 {[%clk 0:04:46]} 31. Qd2
{[%clk 0:09:17]} Ne6 {[%clk 0:02:33]} 32. g5 {[%clk 0:09:28]} Nxd4
{[%clk 0:02:12]} 33. Rxe7 {[%clk 0:06:51]} Rxe7 {[%clk 0:01:18]} 34. gxf6
{[%clk 0:07:20]} Rf7 {[%clk 0:01:04]} 35. Rb1 {[%clk 0:07:01]} Qa7
{[%clk 0:01:32]} 36. Qa5 {[%clk 0:06:26]} h5 {[%clk 0:00:39]} 37. Qxa7
{[%clk 0:01:44]} Rxa7 {[%clk 0:01:07]} 38. Rb8+ {[%clk 0:02:13]} Kh7
{[%clk 0:01:34]} 39. Rd8 {[%clk 0:32:22]} Ne2+ {[%clk 0:30:50]} 40. Kf2 Nxf4 41.
Bf1 {[%clk 0:30:04]} g5 {[%clk 0:22:38]} 42. Rc8 {[%clk 0:25:08]} Kg6
{[%clk 0:22:44]} 43. Rxc6 {[%clk 0:25:13]} Rxa3 {[%clk 0:23:01]} 44. Rd6
{[%clk 0:23:50]} Ra8 {[%clk 0:16:33]} 45. h4 {[%clk 0:21:37]} gxh4
{[%clk 0:07:31]} 46. Kf3 {[%clk 0:21:23]} Kg5 {[%clk 0:07:34]} 47. f7
{[%clk 0:21:08]} Rf8 {[%clk 0:06:58]} 48. Rd7 {[%clk 0:21:35]} h3
{[%clk 0:04:45]} 49. Kg3 {[%clk 0:21:36]} h4+ {[%clk 0:04:55]} 50. Kh2
{[%clk 0:22:00]} Kf6 {[%clk 0:04:10]} 51. Bxh3 {[%clk 0:22:21]} Nxh3
{[%clk 0:02:57]} 52. Kxh3 {[%clk 0:22:45]} Ke6 {[%clk 0:03:20]} 53. Ra7
{[%clk 0:22:59]} Rxf7 {[%clk 0:03:25]} 54. Ra6+ {[%clk 0:23:18]} Ke5
{[%clk 0:03:43]} 55. Kxh4 {[%clk 0:23:43]} d4 {[%clk 0:04:04]} 56. Kg3
{[%clk 0:23:43]} d3 {[%clk 0:04:00]} 57. Ra8 {[%clk 0:23:28]} Kd4
{[%clk 0:04:07]} 58. Rd8+ {[%clk 0:23:46]} Ke3 {[%clk 0:04:31]} 59. Re8+
{[%clk 0:24:06]} Kd2 {[%clk 0:04:54]} 60. Rd8 {[%clk 0:24:33]} Kc2
{[%clk 0:05:16]} 61. Rc8+ {[%clk 0:24:53]} Kd1 {[%clk 0:05:31]} 62. Kg2
{[%clk 0:24:45]} d2 {[%clk 0:04:44]} 63. Rc6 {[%clk 0:23:52]} Ra7
{[%clk 0:03:04]} 64. Kf2 {[%clk 0:23:24]} Ra2 {[%clk 0:03:05]} 65. Rc8
{[%clk 0:21:18]} Rc2 {[%clk 0:03:10]} 66. Ra8 {[%clk 0:21:44]} Rc7
{[%clk 0:02:11]} 67. Ra1+ {[%clk 0:20:13]} Kc2 {[%clk 0:02:38]} 68. Ra2+
{[%clk 0:20:39]} Kd3 {[%clk 0:03:03]} 69. Ra3+ {[%clk 0:19:38]} Rc3
{[%clk 0:03:26]} 70. Ra1 {[%clk 0:19:57]} Rc1 {[%clk 0:03:44]} 71. Ra3+
{[%clk 0:20:22]} Kc4 {[%clk 0:04:03]} 0-1

[Event "ureki2015"]
[Site "?"]
[Date "2015.10.08"]
[Round "4.19"]
[White "Fier, Alexandr"]
[Black "Bernadskiy, Vitaliy"]
[Result "1/2-1/2"]
[LiveChessVersion "1.3.1"]
[BlackElo "2544"]
[WhiteElo "2624"]

1. d4 {[%clk 1:30:58]} Nf6 {[%clk 1:30:32]} 2. c4 {[%clk 1:31:24]} e6
{[%clk 1:30:56]} 3. Nc3 {[%clk 1:31:51]} Bb4 {[%clk 1:31:20]} 4. e3
{[%clk 1:32:18]} O-O {[%clk 1:23:44]} 5. Nge2 {[%clk 1:32:45]} c6
{[%clk 1:21:05]} 6. a3 {[%clk 1:33:09]} Ba5 {[%clk 1:21:31]} 7. Qc2
{[%clk 1:33:35]} d5 {[%clk 1:21:08]} 8. Ng3 {[%clk 1:34:01]} Nbd7
{[%clk 1:18:51]} 9. cxd5 {[%clk 1:34:03]} cxd5 {[%clk 1:13:33]} 10. Be2
{[%clk 1:33:52]} a6 {[%clk 1:10:22]} 11. O-O {[%clk 1:33:23]} Bc7
{[%clk 1:09:55]} 12. Rd1 Nb6 13. e4 {[%clk 1:24:14]} Bxg3 {[%clk 0:55:24]} 14.
hxg3 {[%clk 1:24:37]} Nxe4 {[%clk 0:55:47]} 15. Nxe4 {[%clk 1:25:01]} dxe4
{[%clk 0:56:14]} 16. Qxe4 {[%clk 1:25:24]} Nd5 {[%clk 0:55:26]} 17. Bd3
{[%clk 1:25:46]} g6 {[%clk 0:49:47]} 18. Bh6 {[%clk 1:14:40]} Re8
{[%clk 0:50:12]} 19. Bc4 {[%clk 1:15:05]} b5 {[%clk 0:48:35]} 20. Bb3
{[%clk 1:14:34]} Bb7 {[%clk 0:48:28]} 21. Rac1 {[%clk 1:14:49]} Qf6
{[%clk 0:47:36]} 22. Qe5 {[%clk 1:13:42]} Rac8 {[%clk 0:43:40]} 23. f3
{[%clk 1:13:11]} Qxe5 {[%clk 0:35:24]} 24. dxe5 {[%clk 1:12:34]} Rxc1
{[%clk 0:35:44]} 25. Rxc1 {[%clk 1:13:01]} Rc8 {[%clk 0:36:09]} 26. Rxc8+
{[%clk 1:07:39]} Bxc8 {[%clk 0:36:22]} 27. Kf2 {[%clk 1:05:42]} Ne7
{[%clk 0:33:49]} 28. Bd2 {[%clk 1:03:12]} h5 {[%clk 0:27:36]} 29. Ke3
{[%clk 1:01:35]} Nf5+ {[%clk 0:24:52]} 30. Kf2 {[%clk 0:57:24]} Bb7
{[%clk 0:23:20]} 31. Bb4 {[%clk 0:56:54]} Nd4 {[%clk 0:23:14]} 32. Bd1
{[%clk 0:57:10]} Bd5 {[%clk 0:19:15]} 33. Bc3 {[%clk 0:56:05]} Bb3
{[%clk 0:16:22]} 34. Bxb3 {[%clk 0:56:04]} Nxb3 {[%clk 0:16:49]} 35. Ke3
{[%clk 0:56:13]} Kf8 {[%clk 0:15:39]} 36. Kf4 {[%clk 0:45:50]} Ke8
{[%clk 0:14:26]} 37. g4 {[%clk 0:46:15]} hxg4 {[%clk 0:14:17]} 38. Kxg4
{[%clk 0:46:42]} Nc5 {[%clk 0:12:02]} 39. Kg5 {[%clk 0:46:28]} Nd7
{[%clk 0:11:28]} 40. g4 {[%clk 1:12:12]} Nb6 {[%clk 0:41:25]} 41. Bd2
{[%clk 1:10:54]} 1/2-1/2

[Event "ureki2015"]
[Site "?"]
[Date "2015.10.08"]
[Round "4.20"]
[White "Sivuk, Vitaly"]
[Black "Jojua, Davit"]
[Result "1-0"]
[LiveChessVersion "1.3.1"]
[BlackElo "2580"]
[WhiteElo "2490"]

1. d4 {[%clk 1:30:49]} Nf6 {[%clk 1:30:17]} 2. c4 {[%clk 1:31:07]} g6
{[%clk 1:30:44]} 3. Nc3 {[%clk 1:31:24]} Bg7 {[%clk 1:31:11]} 4. e4
{[%clk 1:31:39]} d6 {[%clk 1:31:38]} 5. Nf3 {[%clk 1:31:54]} O-O {[%clk 1:32:02]}
6. Be2 {[%clk 1:32:11]} e5 {[%clk 1:32:28]} 7. d5 {[%clk 1:32:26]} a5
{[%clk 1:32:53]} 8. Bg5 {[%clk 1:32:38]} h6 {[%clk 1:33:17]} 9. Be3
{[%clk 1:32:46]} Ng4 {[%clk 1:25:36]} 10. Bd2 {[%clk 1:33:01]} f5
{[%clk 1:25:24]} 11. exf5 {[%clk 1:32:47]} gxf5 {[%clk 1:25:42]} 12. h3
{[%clk 1:32:55]} Nf6 {[%clk 1:24:20]} 13. Qc1 {[%clk 1:33:10]} f4
{[%clk 1:10:24]} 14. g3 e4 {[%clk 0:58:18]} 15. Nh4 {[%clk 1:31:56]} e3
{[%clk 0:55:06]} 16. fxe3 {[%clk 1:32:17]} fxg3 {[%clk 0:55:00]} 17. Ng6
{[%clk 1:29:05]} Rf7 {[%clk 0:52:10]} 18. Rg1 {[%clk 1:24:06]} Bf5
{[%clk 0:41:51]} 19. Rxg3 {[%clk 1:18:56]} Na6 {[%clk 0:38:30]} 20. Nf4
{[%clk 1:07:22]} Nc5 {[%clk 0:34:27]} 21. Ne6 {[%clk 1:01:46]} Nxe6
{[%clk 0:30:14]} 22. dxe6 {[%clk 1:02:10]} Bxe6 {[%clk 0:30:07]} 23. Qc2 Nd7
{[%clk 0:23:46]} 24. O-O-O {[%clk 1:01:55]} Ne5 25. Nd5 {[%clk 1:00:40]} Kh8
{[%clk 0:08:54]} 26. Rdg1 {[%clk 0:52:45]} Bf5 {[%clk 0:03:12]} 27. e4
{[%clk 0:51:20]} Bh7 {[%clk 0:03:41]} 28. Bh5 {[%clk 0:49:06]} Rd7
{[%clk 0:03:56]} 29. Nf4 {[%clk 0:47:59]} Qh4 {[%clk 0:04:10]} 30. Bg6
{[%clk 0:44:23]} Bxg6 {[%clk 0:00:44]} 31. Nxg6+ {[%clk 0:41:11]} Nxg6
{[%clk 0:01:13]} 32. Rxg6 {[%clk 0:41:37]} Re8 {[%clk 0:01:30]} 33. Bc3
{[%clk 0:30:58]} Qf4+ {[%clk 0:01:06]} 34. Kb1 {[%clk 0:31:01]} Bxc3
{[%clk 0:01:00]} 35. Qxc3+ {[%clk 0:31:14]} Re5 {[%clk 0:01:04]} 36. R6g4
{[%clk 0:30:30]} Qf2 {[%clk 0:00:34]} 37. c5 {[%clk 0:29:48]} Qxc5
{[%clk 0:00:33]} 38. Qf3 {[%clk 0:27:27]} Kh7 {[%clk 0:00:34]} 39. Qf6
{[%clk 0:27:16]} Rg5 {[%clk 0:00:36]} 40. Rxg5 {[%clk 0:57:31]} hxg5
{[%clk 0:31:01]} 41. Rxg5 {[%clk 0:57:52]} 1-0

[Event "ureki2015"]
[Site "?"]
[Date "2015.10.08"]
[Round "4.21"]
[White "Maghalashvili, Davit"]
[Black "Popov, Valerij"]
[Result "1-0"]
[LiveChessVersion "1.3.1"]
[BlackElo "2525"]
[WhiteElo "2504"]

1. d4 {[%clk 1:30:57]} d5 {[%clk 1:30:41]} 2. c4 {[%clk 1:31:18]} e6
{[%clk 1:31:06]} 3. Nf3 {[%clk 1:31:30]} Nf6 {[%clk 1:31:23]} 4. Nc3
{[%clk 1:29:54]} c6 {[%clk 1:31:01]} 5. cxd5 exd5 {[%clk 1:31:26]} 6. Qc2
{[%clk 1:27:17]} Nbd7 {[%clk 1:23:08]} 7. Bf4 {[%clk 1:23:05]} Nh5
{[%clk 1:23:18]} 8. Bg5 {[%clk 1:21:24]} Be7 {[%clk 1:23:42]} 9. Bxe7
{[%clk 1:21:36]} Qxe7 {[%clk 1:24:09]} 10. e3 {[%clk 1:21:30]} Nb6
{[%clk 1:24:32]} 11. h3 {[%clk 1:16:37]} g6 {[%clk 1:24:57]} 12. g4
{[%clk 1:14:25]} Ng7 {[%clk 1:25:08]} 13. O-O-O {[%clk 1:14:25]} Be6 14. Ne5
{[%clk 1:07:36]} h5 {[%clk 1:08:49]} 15. Bd3 {[%clk 1:00:14]} O-O-O
{[%clk 0:47:23]} 16. f4 {[%clk 0:50:56]} Rh6 {[%clk 0:36:30]} 17. Kb1
{[%clk 0:46:15]} Bd7 {[%clk 0:29:32]} 18. a4 {[%clk 0:33:18]} hxg4
{[%clk 0:06:36]} 19. a5 {[%clk 0:27:01]} Nc4 {[%clk 0:06:53]} 20. Bxc4
{[%clk 0:27:05]} dxc4 {[%clk 0:07:19]} 21. hxg4 {[%clk 0:27:23]} Rxh1
{[%clk 0:05:01]} 22. Rxh1 {[%clk 0:27:47]} Ne8 {[%clk 0:01:57]} 23. Rh7
{[%clk 0:14:03]} Nd6 {[%clk 0:02:24]} 24. e4 {[%clk 0:12:39]} Qf6
{[%clk 0:01:50]} 25. Nxd7 {[%clk 0:12:03]} Rxd7 {[%clk 0:02:02]} 26. e5
{[%clk 0:12:11]} Qxf4 {[%clk 0:02:30]} 27. exd6 {[%clk 0:12:29]} Qxd6
{[%clk 0:02:09]} 28. Rh8+ {[%clk 0:08:21]} Kc7 {[%clk 0:01:46]} 29. d5
{[%clk 0:07:13]} Re7 {[%clk 0:01:23]} 30. Qf2 {[%clk 0:05:52]} b6
{[%clk 0:01:31]} 31. axb6+ {[%clk 0:05:58]} axb6 {[%clk 0:02:00]} 32. dxc6
{[%clk 0:05:41]} Qe5 {[%clk 0:02:17]} 33. Rf8 {[%clk 0:02:58]} Qe1+
{[%clk 0:02:40]} 34. Qxe1 {[%clk 0:03:23]} Rxe1+ {[%clk 0:03:07]} 35. Ka2
{[%clk 0:02:53]} Rf1 {[%clk 0:03:36]} 36. Ka3 {[%clk 0:02:49]} Rf2
{[%clk 0:03:02]} 37. g5 {[%clk 0:01:26]} Rf5 {[%clk 0:03:13]} 38. Kb4
{[%clk 0:01:38]} Kxc6 {[%clk 0:03:38]} 39. Kxc4 {[%clk 0:01:54]} b5+
{[%clk 0:02:01]} 40. Kd4 {[%clk 0:31:22]} Rxg5 {[%clk 0:30:58]} 41. Rxf7
{[%clk 0:31:05]} Rg4+ {[%clk 0:31:17]} 42. Ne4 {[%clk 0:30:58]} b4
{[%clk 0:30:48]} 43. b3 {[%clk 0:29:02]} 1-0